000 00529cam a2200145 4500500
005 20260208010208.0
041 _afre
042 _adc
100 1 0 _aRisterucci-Roudnicky, Danielle
_eauthor
245 0 0 _aLire Le Feu d’Henri Barbusse à l’ombre du mur
260 _c2015.
500 _a95
786 0 _nRevue d'histoire littéraire de la France | 115 | 4 | 2015-12-18 | p. 907-914 | 0035-2411
856 4 1 _uhttps://shs.cairn.info/revue-d-histoire-litteraire-de-la-france-2015-4-page-907?lang=fr&redirect-ssocas=7080
999 _c1655554
_d1655554